| 000 | 00603nam a2200181 a 4500 | ||
|---|---|---|---|
| 001 | 000022470 | ||
| 005 | 20200930021629.0 | ||
| 008 | 101011s1920 xxuac 000 0 spa d | ||
| 040 |
_aDO-SdBNP _bspa _cBNPHU |
||
| 041 | 1 | 7 |
_aspa _beng |
| 082 |
_axxxxx _bxxxxx |
||
| 245 | 0 | 0 | _aLibro azul de Santo Domingo = Blue book of Santo Domingo. |
| 246 | 1 | 2 | _aBlue book of Santo Domingo |
| 260 |
_aNew York : _bCompañia biografíca, _c1920 _fKlebold press |
||
| 300 |
_a176 p. : _bil., retrs. ; _c30 cm. |
||
| 590 | _aPerteneció a la biblioteca personal de Martínez Boog. | ||
| 546 | _aTexto en inglés y español | ||
| 999 |
_c21968 _d21968 |
||